[Event "21st ch-EUR Indiv 2021"]
[Site "Reykjavik ISL"]
[Date "2021.09.01"]
[Round "7.83"]
[White "Johannsson, Markus Orri"]
[Black "Jonsson, Kristjan Dagur"]
[Result "0-1"]
[WhiteElo "1117"]
[BlackElo "1706"]
[WhiteFideId "2318539"]
[BlackFideId "2313413"]
[EventDate "2021.08.26"]

1. e4 c6 2. Nc3 d5 3. d4 dxe4 4. Nxe4 Nf6 5. Nxf6+ gxf6 6. Bf4 Bf5 7. Nf3 Nd7 8.
Bd3 Bg6 9. Qd2 Qb6 10. O-O-O O-O-O 11. Bxg6 hxg6 12. h4 Bg7 13. Qe3 e6 14. Nd2
Qa6 15. a3 e5 16. Ne4 exf4 17. Nd6+ Kb8 18. Qxf4 Bh6 0-1

[Event "21st ch-EUR Indiv 2021"]
[Site "Reykjavik ISL"]
[Date "2021.09.01"]
[Round "7.84"]
[White "Gade, Jens"]
[Black "Hallmundarson, Birkir"]
[Result "1-0"]
[WhiteElo "1487"]
[BlackElo "1095"]
[WhiteFideId "1416111"]
[BlackFideId "2319446"]
[EventDate "2021.08.26"]

1. d4 Nf6 2. c4 e6 3. Nc3 d5 4. e3 Bb4 5. Bd2 O-O 6. Nf3 dxc4 7. Bxc4 Nbd7 8.
O-O b6 9. Re1 Bb7 10. a3 Bxc3 11. Bxc3 c5 12. dxc5 Nxc5 13. Qxd8 Raxd8 14. Ng5
Nfe4 15. Nxe4 Nxe4 16. Bb4 Rfe8 17. Bb5 a5 18. Bxe8 Rxe8 19. Bc3 Rc8 20. Bd4 Rc2
21. Rac1 Rd2 22. Rc7 Ba6 23. Ra7 Bc8 24. Ra8 Rc2 25. Bc3 Nd6 26. Rd1 h6 27. Rb8
Kh7 28. f3 Nf5 29. Rxc8 Nxe3 30. Rd2 Rc1+ 31. Kf2 Nd1+ 32. Ke2 Nxc3+ 33. Rxc3
Rh1 34. h3 Rg1 35. Kf2 Rb1 36. Rb3 Rc1 37. Rxb6 Rc7 38. Ra6 1-0

[Event "21st ch-EUR Indiv 2021"]
[Site "Reykjavik ISL"]
[Date "2021.09.01"]
[Round "7.85"]
[White "Briem, Gudrun Fanney"]
[Black "Sveinbjornsson, Gudmundur Orri"]
[Result "0-1"]
[WhiteElo "1240"]
[BlackElo "1037"]
[WhiteFideId "2317486"]
[BlackFideId "2318369"]
[EventDate "2021.08.26"]

1. g3 d5 2. Bg2 Nf6 3. Nf3 Nc6 4. O-O e5 5. e3 Bg4 6. d4 e4 7. h3 exf3 8. Bxf3
Bxh3 9. Bg2 Bxg2 10. Kxg2 Bd6 11. Nc3 O-O 12. Rh1 h6 13. Qf3 Bb4 14. Bd2 Bxc3
15. Bxc3 a5 16. Bd2 b5 17. Qf4 Ne4 18. Be1 Rc8 19. f3 Nf6 20. Qh4 Re8 21. Bd2
Nd7 22. Qh3 Nxd4 23. c3 Nc6 24. Rae1 Nce5 25. e4 dxe4 26. Rxe4 Nf6 27. Re2 Qd3
28. Rf2 Nxf3 29. Bxh6 Ne1+ 30. Rxe1 Rxe1 31. Qxc8+ Re8 32. Qxc7 gxh6 33. Rxf6
Qd5+ 34. Kf2 Qxa2 35. Kg2 Qxb2+ 36. Rf2 Qb3 37. Qc6 Re6 38. Qf3 Rg6 39. Qd3 a4
40. Qd8+ Kh7 41. Qd4 a3 42. Rf6 a2 43. Rxg6 fxg6 44. Qd7+ Kh8 45. Qd4+ Kg8 46.
Qd8+ Kf7 47. Qd7+ Kf6 48. Qd6+ Qe6 49. Qd4+ Ke7 50. Qc5+ Kd7 51. Qa7+ Kd6 52.
Qd4+ Qd5+ 0-1

[Event "21st ch-EUR Indiv 2021"]
[Site "Reykjavik ISL"]
[Date "2021.09.01"]
[Round "7.86"]
[White "Moller, Tomas"]
[Black "Saemundarson, Saethor Ingi"]
[Result "1-0"]
[WhiteElo "1402"]
[BlackElo "1216"]
[WhiteFideId "2315343"]
[BlackFideId "2319845"]
[EventDate "2021.08.26"]

1. e4 e5 2. Nf3 Nc6 3. Bb5 a6 4. Ba4 Nf6 5. d3 b5 6. Bb3 d6 7. c3 Be7 8. O-O O-O
9. Nbd2 h6 10. Re1 Bg4 11. h3 Bh5 12. Nf1 Re8 13. Ng3 Bg6 14. Bc2 Qd7 15. a4
Rad8 16. axb5 axb5 17. Bd2 d5 18. Qe2 d4 19. Rec1 b4 20. Ba4 bxc3 21. bxc3 Qd6
22. Bxc6 Qxc6 23. Nxe5 Qd6 24. Nxg6 fxg6 25. e5 Qe6 26. exf6 Qxe2 27. Nxe2 Bxf6
28. Nxd4 Bxd4 29. cxd4 Rxd4 30. Be3 Rxd3 31. Rxc7 1-0

[Event "21st ch-EUR Indiv 2021"]
[Site "Reykjavik ISL"]
[Date "2021.09.02"]
[Round "8.1"]
[White "Mamedov, Rauf"]
[Black "Demchenko, Anton"]
[Result "1/2-1/2"]
[WhiteTitle "GM"]
[BlackTitle "GM"]
[WhiteElo "2654"]
[BlackElo "2597"]
[WhiteFideId "13401653"]
[BlackFideId "4160258"]
[EventDate "2021.08.26"]

1. e4 e5 2. Bc4 Nf6 3. d3 Nc6 4. a4 d5 5. exd5 Nxd5 6. Nf3 Be7 7. O-O O-O 8. a5
a6 9. Re1 Bg4 10. h3 Bh5 11. c3 b5 12. axb6 1/2-1/2

[Event "21st ch-EUR Indiv 2021"]
[Site "Reykjavik ISL"]
[Date "2021.09.02"]
[Round "8.3"]
[White "Gabuzyan, Hovhannes"]
[Black "Yilmaz, Mustafa"]
[Result "1/2-1/2"]
[WhiteTitle "GM"]
[BlackTitle "GM"]
[WhiteElo "2587"]
[BlackElo "2630"]
[WhiteFideId "13303732"]
[BlackFideId "6302718"]
[EventDate "2021.08.26"]

1. e4 c5 2. Nf3 d6 3. d4 cxd4 4. Nxd4 Nf6 5. Nc3 a6 6. Bg5 e6 7. f4 Qb6 8. Qd2
Qxb2 9. Rb1 Qa3 10. e5 h6 11. Bh4 dxe5 12. fxe5 g5 13. Bg3 Nh5 14. Ne4 Qxa2 15.
Rb3 Nd7 16. Be2 Qa1+ 17. Bd1 Nc5 18. Nxc5 Nxg3 19. hxg3 Bxc5 20. c3 Bd7 21. Rxb7
O-O-O 22. O-O Bb5 23. Rfxf7 Bxd4+ 24. cxd4 Qxd4+ 25. Kh2 Qg1+ 26. Kxg1 Rxd2 27.
Bg4 Rd7 28. Rfxd7 Bxd7 29. Ra7 Re8 30. Rxa6 Kd8 31. Bh5 1/2-1/2

[Event "21st ch-EUR Indiv 2021"]
[Site "Reykjavik ISL"]
[Date "2021.09.02"]
[Round "8.4"]
[White "Piorun, Kacper"]
[Black "Mamedov, Nidjat"]
[Result "1/2-1/2"]
[WhiteTitle "GM"]
[BlackTitle "GM"]
[WhiteElo "2608"]
[BlackElo "2595"]
[WhiteFideId "1130420"]
[BlackFideId "13400819"]
[EventDate "2021.08.26"]

1. e4 e5 2. Nf3 Nf6 3. Nxe5 d6 4. Nf3 Nxe4 5. d4 d5 6. Bd3 Nc6 7. O-O Be7 8.
Nbd2 Nd6 9. c3 Bf5 10. Be2 O-O 11. Re1 Re8 12. Nf1 Ne4 13. Ne3 Be6 14. Bf1 Bf8
15. g3 Ne7 16. Ne5 c6 17. Nd3 Nf5 18. Ng2 Nfd6 19. f3 Nf6 20. Ngf4 Bc8 21. g4
Rxe1 22. Qxe1 b6 23. Ne5 Bb7 24. Bd3 g6 25. Nh3 Nfe8 26. g5 Rc8 27. Bf4 Rc7 28.
Ng4 Bc8 29. Nhf2 Bg7 30. Qd2 f6 31. gxf6 Nxf6 32. Nxf6+ Qxf6 33. Ng4 Bxg4 34.
fxg4 Rf7 35. Rf1 Qe6 36. Qe2 Qd7 37. Bg5 Rxf1+ 38. Kxf1 Nf7 39. Bf4 Bf8 40. Bd2
b5 41. Kg2 Bh6 42. Bxh6 Nxh6 43. g5 Nf7 44. h4 a5 45. a3 a4 46. Qf3 Qe6 47. Kf2
Nd6 48. Qf4 Kg7 49. Kf3 Nc4 50. Bxc4 bxc4 51. Qc7+ 1/2-1/2

[Event "21st ch-EUR Indiv 2021"]
[Site "Reykjavik ISL"]
[Date "2021.09.02"]
[Round "8.5"]
[White "Romanov, Evgeny"]
[Black "Sargissian, Gabriel"]
[Result "1/2-1/2"]
[WhiteTitle "GM"]
[BlackTitle "GM"]
[WhiteElo "2594"]
[BlackElo "2682"]
[WhiteFideId "4148843"]
[BlackFideId "13300881"]
[EventDate "2021.08.26"]

1. e4 e5 2. Nf3 Nc6 3. Nc3 Nf6 4. d4 exd4 5. Nxd4 Bb4 6. Nxc6 bxc6 7. Bd3 d5 8.
Bd2 O-O 9. O-O Rb8 10. Re1 Re8 11. a3 1/2-1/2

[Event "21st ch-EUR Indiv 2021"]
[Site "Reykjavik ISL"]
[Date "2021.09.02"]
[Round "8.6"]
[White "Erdos, Viktor"]
[Black "Nisipeanu, Liviu-Dieter"]
[Result "1/2-1/2"]
[WhiteTitle "GM"]
[BlackTitle "GM"]
[WhiteElo "2614"]
[BlackElo "2671"]
[WhiteFideId "719978"]
[BlackFideId "1202758"]
[EventDate "2021.08.26"]

1. d4 Nf6 2. c4 e6 3. Nf3 d5 4. Nc3 Nbd7 5. Bg5 h6 6. Bh4 Be7 7. e3 O-O 8. Rc1
c5 9. cxd5 Nxd5 10. Bxe7 Nxe7 11. Be2 b6 12. O-O Bb7 13. dxc5 Nxc5 14. b4 Ne4
15. Nxe4 Bxe4 16. Nd4 a5 1/2-1/2

[Event "21st ch-EUR Indiv 2021"]
[Site "Reykjavik ISL"]
[Date "2021.09.02"]
[Round "8.7"]
[White "Nagy, Gabor1"]
[Black "Grandelius, Nils"]
[Result "1/2-1/2"]
[WhiteTitle "GM"]
[BlackTitle "GM"]
[WhiteElo "2518"]
[BlackElo "2666"]
[WhiteFideId "737119"]
[BlackFideId "1710400"]
[EventDate "2021.08.26"]

1. d4 d5 2. c4 e6 3. Nc3 a6 4. cxd5 exd5 5. Nf3 h6 6. Qb3 Nf6 7. e4 Nxe4 8. Nxe4
dxe4 9. Ne5 Qe7 10. Bc4 Qb4+ 11. Bd2 Qxb3 12. Bxb3 Be6 13. d5 Bf5 14. d6 cxd6
15. Nxf7 Rh7 16. Bb4 Nc6 17. Nxd6+ Bxd6 18. Bxd6 Na5 19. Bg8 Rh8 20. Bc7 Rxg8 1/2-1/2

[Event "21st ch-EUR Indiv 2021"]
[Site "Reykjavik ISL"]
[Date "2021.09.02"]
[Round "8.8"]
[White "Sarana, Alexey"]
[Black "Sanal, Vahap"]
[Result "1-0"]
[WhiteTitle "GM"]
[BlackTitle "GM"]
[WhiteElo "2643"]
[BlackElo "2557"]
[WhiteFideId "24133795"]
[BlackFideId "6300545"]
[EventDate "2021.08.26"]

1. d4 d5 2. Nf3 Nf6 3. c4 c6 4. Nc3 e6 5. e3 Nbd7 6. Qc2 Bd6 7. Bd3 dxc4 8. Bxc4
O-O 9. O-O Qe7 10. a3 a6 11. Ba2 c5 12. dxc5 Bxc5 13. e4 Bd6 14. Bg5 Ne5 15.
Nxe5 Bxe5 16. f4 Qc5+ 17. Kh1 Bxc3 18. bxc3 b5 19. e5 Nd5 20. Bxd5 Qxd5 21. Rad1
Qc4 22. Rf3 Qa4 23. Qb1 Bb7 24. Rd4 Qxa3 25. Rh3 g6 26. Bf6 Rfc8 27. Qe1 h5 28.
f5 exf5 29. e6 Qa2 30. Rg3 Re8 31. c4 Be4 32. exf7+ Kxf7 33. Rd7+ Ke6 34. Rd2
Qxc4 35. Qa1 Qb4 36. Rd1 Kf7 37. Rd7+ Ke6 38. Rd1 f4 39. Rxg6 Bxg6 40. Qe5+ Kf7
41. Rd7+ Kf8 42. Bg7+ Kg8 43. Qd5+ Kh7 44. Bf8+ 1-0

[Event "21st ch-EUR Indiv 2021"]
[Site "Reykjavik ISL"]
[Date "2021.09.02"]
[Round "8.9"]
[White "Kacharava, Nikolozi"]
[Black "Deac, Bogdan-Daniel"]
[Result "1/2-1/2"]
[WhiteTitle "IM"]
[BlackTitle "GM"]
[WhiteElo "2453"]
[BlackElo "2639"]
[WhiteFideId "13611860"]
[BlackFideId "1226380"]
[EventDate "2021.08.26"]

1. e4 c5 2. Nf3 d6 3. d4 cxd4 4. Nxd4 Nf6 5. Nc3 a6 6. Bg5 e6 7. f4 Qb6 8. Nb3
Nbd7 9. Qd2 Qc7 10. O-O-O b5 11. a3 Be7 12. Bd3 Bb7 13. g4 h6 14. Bxf6 Nxf6 15.
Rhg1 Nd7 16. h4 g5 17. hxg5 hxg5 18. fxg5 Rg8 19. Kb1 Rxg5 20. Qf4 Ne5 21. Nd2
Rg6 22. Be2 Bg5 23. Qg3 Bf6 24. Qf4 O-O-O 25. Nf3 Rdg8 26. Nxe5 Bxe5 27. Qd2 Rh8
28. Rh1 Rxh1 29. Rxh1 Bxc3 30. bxc3 Bxe4 31. Rh8+ Kb7 32. Qe3 d5 33. Bf3 f5 34.
Bxe4 fxe4 35. g5 Rg7 36. Rh6 Qe5 37. g6 Qf6 38. Qg3 Kc6 39. Rh7 e5 40. Qg4 e3
41. Rxg7 Qxg7 42. Qe6+ Kb7 43. Qxd5+ Kc7 44. Qc5+ Kb7 45. Qxe3 Qxg6 46. Qxe5 Qc6
47. Kb2 a5 48. Qd4 Ka6 49. Kb3 Qh1 50. Qd6+ Kb7 51. Qd7+ Kb6 52. Qd6+ Kb7 53.
Kb2 Qc6 54. Qxc6+ Kxc6 55. Kb3 Kc5 56. a4 bxa4+ 57. Kxa4 Kc4 58. Kxa5 Kxc3 59.
Kb5 Kxc2 1/2-1/2

[Event "21st ch-EUR Indiv 2021"]
[Site "Reykjavik ISL"]
[Date "2021.09.02"]
[Round "8.10"]
[White "Ivic, Velimir"]
[Black "Bluebaum, Matthias"]
[Result "1-0"]
[WhiteTitle "GM"]
[BlackTitle "GM"]
[WhiteElo "2571"]
[BlackElo "2674"]
[WhiteFideId "950122"]
[BlackFideId "24651516"]
[EventDate "2021.08.26"]

1. e4 e6 2. d4 d5 3. Nc3 Nf6 4. e5 Nfd7 5. f4 c5 6. Nf3 Nc6 7. Be3 cxd4 8. Nxd4
Qb6 9. Qd2 Qxb2 10. Rb1 Qa3 11. Bb5 Nxd4 12. Bxd4 a6 13. Bxd7+ Bxd7 14. Rb3 Qe7
15. Rxb7 Qh4+ 16. g3 Qd8 17. Bb6 Qc8 18. Rc7 Qd8 19. Qe3 Bb4 20. a3 Bxa3 21. f5
Rc8 22. Ra7 Qe7 23. O-O Bc5 24. Bxc5 Qxc5 25. Qxc5 Rxc5 26. Na4 Rc8 27. Nb6 Rd8
28. f6 gxf6 29. Rxf6 Rg8 30. c4 Rg5 31. c5 Rxe5 32. c6 Bxc6 33. Rfxf7 Rb8 34.
Rxh7 Rf5 35. Rac7 Bb5 36. Nc8 Kd8 37. Nd6 Rf6 38. Rcg7 1-0

[Event "21st ch-EUR Indiv 2021"]
[Site "Reykjavik ISL"]
[Date "2021.09.02"]
[Round "8.11"]
[White "Donchenko, Alexander"]
[Black "Can, Emre"]
[Result "1/2-1/2"]
[WhiteTitle "GM"]
[BlackTitle "GM"]
[WhiteElo "2657"]
[BlackElo "2569"]
[WhiteFideId "24603295"]
[BlackFideId "6302181"]
[EventDate "2021.08.26"]

1. Nf3 Nf6 2. d4 d5 3. Bf4 e6 4. e3 Bd6 5. Ne5 a6 6. Nd2 c5 7. c3 Qc7 8. Bd3
Nbd7 9. Ndf3 b5 10. a4 c4 11. Bc2 Bb7 12. Qe2 O-O 13. h4 b4 14. g4 bxc3 15. bxc3
Ne4 16. Nxd7 Qxd7 17. Bxd6 Qxd6 18. Bxe4 dxe4 19. Ne5 Bd5 20. g5 Rab8 21. h5 Rb7
22. Qg4 Qb8 23. Rd1 f6 24. gxf6 Rxf6 25. Rg1 Qf8 26. Rg2 Qa3 27. Kf1 Qxc3 28.
Kg1 Qa3 29. Qh4 Qf8 30. Ng4 Rf3 31. Kh1 c3 32. Rc1 1/2-1/2

[Event "21st ch-EUR Indiv 2021"]
[Site "Reykjavik ISL"]
[Date "2021.09.02"]
[Round "8.12"]
[White "Pantsulaia, Levan"]
[Black "Abasov, Nijat"]
[Result "1-0"]
[WhiteTitle "GM"]
[BlackTitle "GM"]
[WhiteElo "2564"]
[BlackElo "2656"]
[WhiteFideId "13602071"]
[BlackFideId "13402960"]
[EventDate "2021.08.26"]

1. c4 e6 2. g3 Nf6 3. Bg2 d5 4. Nf3 Be7 5. O-O O-O 6. b3 d4 7. e3 c5 8. exd4
cxd4 9. d3 Nc6 10. Re1 Bb4 11. Bd2 Bd6 12. Qc2 Nd7 13. Bc1 e5 14. Ba3 Bxa3 15.
Nxa3 Re8 16. Qd2 a5 17. Ng5 Nf6 18. Nb5 h6 19. Ne4 Nxe4 20. Bxe4 Bh3 21. c5 f5
22. Bh1 Qd7 23. Nd6 Re7 24. a3 Qe6 25. Rab1 Kh7 26. b4 axb4 27. axb4 Ra2 28. Rb2
Rxb2 29. Qxb2 e4 30. dxe4 d3 31. Rd1 Ne5 32. f4 Nf7 33. e5 Nxd6 34. cxd6 Re8 35.
Rxd3 Qc4 36. Qd4 Qc2 37. Rd2 Qb3 38. Bg2 1-0

[Event "21st ch-EUR Indiv 2021"]
[Site "Reykjavik ISL"]
[Date "2021.09.02"]
[Round "8.13"]
[White "Saric, Ivan"]
[Black "Dragnev, Valentin"]
[Result "1-0"]
[WhiteTitle "GM"]
[BlackTitle "GM"]
[WhiteElo "2653"]
[BlackElo "2557"]
[WhiteFideId "14508150"]
[BlackFideId "1634852"]
[EventDate "2021.08.26"]

1. e4 c5 2. Nf3 d6 3. d4 cxd4 4. Nxd4 Nf6 5. Nc3 a6 6. Be3 e5 7. Nb3 Be7 8. h3
h6 9. Qd2 Qc7 10. Be2 Be6 11. Nd5 Bxd5 12. exd5 Nbd7 13. c4 a5 14. a4 Ne4 15.
Qc2 Ndc5 16. Nxc5 Nxc5 17. h4 b6 18. Ra3 Qd8 19. g3 Qd7 20. Bf1 f5 21. Bh3 O-O
22. O-O Rad8 23. Rb1 Rc8 24. b4 axb4 25. Rxb4 Bd8 26. Rb5 g5 27. hxg5 hxg5 28.
g4 f4 29. Bxc5 Rxc5 30. Rxc5 dxc5 31. Bg2 Kg7 32. Rh3 Rh8 33. Rxh8 Kxh8 34. Qg6
e4 35. Qh5+ Kg8 36. Bxe4 Qf7 37. d6 Qxh5 38. gxh5 Kf7 39. Bf5 g4 40. Bxg4 Kf6
41. Kg2 Kg5 42. Kf3 Bf6 43. d7 1-0

[Event "21st ch-EUR Indiv 2021"]
[Site "Reykjavik ISL"]
[Date "2021.09.02"]
[Round "8.15"]
[White "Lagarde, Maxime"]
[Black "Basso, Pier Luigi"]
[Result "1-0"]
[WhiteTitle "GM"]
[BlackTitle "GM"]
[WhiteElo "2631"]
[BlackElo "2541"]
[WhiteFideId "662399"]
[BlackFideId "866970"]
[EventDate "2021.08.26"]

1. e4 e5 2. Nf3 Nf6 3. Nxe5 d6 4. Nf3 Nxe4 5. d4 d5 6. Bd3 Nc6 7. O-O Be7 8. Re1
Bg4 9. Nc3 f5 10. Ne2 O-O 11. c3 Bxf3 12. gxf3 Bd6 13. Ng3 Ng5 14. Bxg5 Qxg5 15.
Qb3 Ne7 16. Rxe7 Qxe7 17. Qxd5+ Kh8 18. Bxf5 Qg5 19. Be4 Qxd5 20. Bxd5 Rad8 21.
Bxb7 Rb8 22. Bd5 Rxb2 23. Re1 Rc2 24. Ne4 Bf4 25. Kg2 Rb8 26. Bb3 Rc1 27. Re2 a5
28. h4 g6 29. Nf6 Bd6 30. Nd5 Rd8 31. Re6 Rb1 32. Nf6 Rb2 33. Ne4 a4 34. Bxa4
Rxa2 35. Bc6 Rc2 36. Bd5 Rf8 37. c4 Bf4 38. Re7 h6 39. Bf7 Rc1 40. c5 Rd1 41. d5
Kg7 42. Be6+ Kh8 43. Rd7 Ra1 44. Bf7 Raa8 45. c6 Rad8 46. Nc5 Rxd7 47. cxd7 Rd8
48. Be8 Bd6 49. Ne6 Be7 50. Kh3 Kh7 51. Nxc7 Rb8 52. Ne6 Rb6 53. d8=Q Bxd8 54.
Nxd8 Rb8 55. Nc6 1-0

[Event "21st ch-EUR Indiv 2021"]
[Site "Reykjavik ISL"]
[Date "2021.09.02"]
[Round "8.16"]
[White "Vocaturo, Daniele"]
[Black "Petrov, Martin"]
[Result "1-0"]
[WhiteTitle "GM"]
[BlackTitle "IM"]
[WhiteElo "2630"]
[BlackElo "2521"]
[WhiteFideId "813192"]
[BlackFideId "2911086"]
[EventDate "2021.08.26"]

1. e4 c5 2. Nf3 d6 3. d4 cxd4 4. Nxd4 Nf6 5. Nc3 a6 6. Be3 e5 7. Nb3 Be6 8. f3
h5 9. Qd2 Nbd7 10. Nd5 Bxd5 11. exd5 g6 12. Be2 Bg7 13. O-O b6 14. Rad1 O-O 15.
Kh1 Qc7 16. g4 hxg4 17. fxg4 a5 18. g5 Nh5 19. Bxh5 gxh5 20. Qe2 Rac8 21. c3 Qc4
22. Qxh5 a4 23. Nd2 Qxd5+ 24. Nf3 Qe6 25. Nh4 a3 26. bxa3 Rxc3 27. Nf5 d5 28.
Rde1 Rc4 29. Re2 Rf4 30. Nh6+ Bxh6 31. Bxf4 Bg7 32. Bd2 d4 33. Bb4 Nc5 34. Rg2
Qg6 35. Qxg6 fxg6 36. Rxf8+ Bxf8 37. Re2 Bd6 38. a4 d3 39. Re1 e4 40. Kg2 Bf4
41. a5 d2 42. Rd1 e3 43. Kf3 Ne6 44. Bxd2 exd2 45. axb6 Kf7 46. b7 Bxh2 47. Rxd2
Bb8 48. Kg4 Ke7 49. Rc2 Nc7 50. Rc6 Kd7 51. Rxg6 Nd5 52. Rg7+ Kc6 53. Rf7 1-0

[Event "21st ch-EUR Indiv 2021"]
[Site "Reykjavik ISL"]
[Date "2021.09.02"]
[Round "8.17"]
[White "Hovhannisyan, Robert"]
[Black "Stefansson, Hannes"]
[Result "1-0"]
[WhiteTitle "GM"]
[BlackTitle "GM"]
[WhiteElo "2626"]
[BlackElo "2519"]
[WhiteFideId "13302507"]
[BlackFideId "2300087"]
[EventDate "2021.08.26"]

1. e4 e5 2. Nf3 Nc6 3. Bb5 a6 4. Ba4 Nf6 5. O-O b5 6. Bb3 Bc5 7. a4 Rb8 8. Nxe5
Nxe5 9. d4 Bxd4 10. Qxd4 d6 11. f4 Nc6 12. Qc3 Ne7 13. Nd2 O-O 14. e5 Nfd5 15.
Qf3 dxe5 16. fxe5 c6 17. Ne4 Qb6+ 18. Kh1 Bf5 19. Nf6+ Kh8 20. Bg5 Be6 21. axb5
axb5 22. Rae1 Qc5 23. Nh5 Rg8 24. Ng3 Qa7 25. c3 Qd7 26. Re4 Rgf8 27. Bc2 f5 28.
exf6 Nxf6 29. Rh4 Bg8 30. Rd1 Qe6 31. Ne2 Nfd5 32. Qd3 Nf5 33. Nd4 Qg6 34. Rg4
Qh5 35. h3 Nxd4 36. Qxd4 Nf6 37. Rg3 Rbe8 38. Kh2 Bd5 39. Rf1 Re6 40. Rf4 Qe2
41. Bf5 Re7 42. Bxh7 Qe5 43. Bd3 Qxd4 44. Rxd4 Re6 45. Re3 Rxe3 46. Bxe3 Re8 47.
Rh4+ Kg8 48. Bd4 Re7 49. Rf4 Ne4 50. b4 Ng5 51. Rf2 Be4 52. Bf1 Ne6 53. Be3 Rd7
54. Be2 Rd8 55. Bg4 Bd5 56. Rd2 Kf7 57. Be2 Ra8 58. Bxb5 Ra3 59. Be2 Rxc3 60.
Bg1 Be4 61. Bg4 Ke7 62. Bf2 Bd3 63. Bxe6 Kxe6 64. Bd4 1-0

[Event "21st ch-EUR Indiv 2021"]
[Site "Reykjavik ISL"]
[Date "2021.09.02"]
[Round "8.18"]
[White "Ter-Sahakyan, Samvel"]
[Black "Sebenik, Matej"]
[Result "1/2-1/2"]
[WhiteTitle "GM"]
[BlackTitle "GM"]
[WhiteElo "2624"]
[BlackElo "2492"]
[WhiteFideId "13302531"]
[BlackFideId "14602296"]
[EventDate "2021.08.26"]

1. e4 c5 2. Nf3 d6 3. d4 cxd4 4. Nxd4 Nf6 5. Nc3 g6 6. Be3 Bg7 7. f3 O-O 8. Qd2
Nc6 9. O-O-O d5 10. exd5 Nxd5 11. Nxc6 bxc6 12. Bd4 e5 13. Bc5 Re8 14. Ne4 Qc7
15. h4 f5 16. Nd6 Rd8 17. Nxc8 Raxc8 18. Bc4 h5 19. Qf2 Kh7 20. g4 Qf7 21. gxf5
Bh6+ 22. Kb1 Nc3+ 23. bxc3 Qxc4 24. fxg6+ Kg8 25. Rxd8+ Rxd8 26. Bb4 Rb8 27.
Qxa7 Rxb4+ 28. cxb4 Qxb4+ 29. Ka1 Qc3+ 30. Kb1 Qb4+ 1/2-1/2

[Event "21st ch-EUR Indiv 2021"]
[Site "Reykjavik ISL"]
[Date "2021.09.02"]
[Round "8.19"]
[White "Maurizzi, Marc Andria"]
[Black "Fridman, Daniel"]
[Result "0-1"]
[WhiteTitle "IM"]
[BlackTitle "GM"]
[WhiteElo "2488"]
[BlackElo "2621"]
[WhiteFideId "36083534"]
[BlackFideId "11600454"]
[EventDate "2021.08.26"]

1. c4 e6 2. g3 d5 3. Bg2 Nf6 4. Nf3 c5 5. cxd5 exd5 6. d4 Nc6 7. Nc3 Be7 8. O-O
O-O 9. Bg5 c4 10. Ne5 Be6 11. Nxc6 bxc6 12. b3 cxb3 13. axb3 Qd7 14. Na4 Rfb8
15. Bxf6 gxf6 16. Rc1 Rb4 17. Nc5 Bxc5 18. Rxc5 Rab8 19. Rc3 R8b6 20. Rf3 Kg7
21. Qc2 Bg4 22. Rf4 Rxb3 23. h3 Bh5 24. e4 Bg6 25. Qe2 dxe4 26. Bxe4 Qxh3 27.
Bg2 Qe6 28. Qa2 Bd3 29. d5 cxd5 30. Rd1 Be4 31. Bxe4 dxe4 32. Qe2 Rb1 33. Rg4+
Kf8 34. Kg2 Rxd1 35. Qxd1 Rd6 36. Qe2 f5 37. Rf4 a6 38. Qh5 Qg6 39. Qe2 Re6 40.
Qe3 Re5 41. Qd4 Qf6 42. Rh4 Kg7 43. Qe3 Rd5 44. Rh1 Rd3 45. Qf4 Rf3 46. Qc7 h6
47. Rc1 f4 48. g4 Qe6 49. Rc6 Qxg4+ 50. Kf1 Qh3+ 51. Kg1 Qf5 52. Qb6 Rh3 53.
Qd4+ Kh7 54. f3 Qg5+ 0-1

[Event "21st ch-EUR Indiv 2021"]
[Site "Reykjavik ISL"]
[Date "2021.09.02"]
[Round "8.20"]
[White "Gajewski, Grzegorz"]
[Black "Quparadze, Giga"]
[Result "1/2-1/2"]
[WhiteTitle "GM"]
[BlackTitle "GM"]
[WhiteElo "2617"]
[BlackElo "2476"]
[WhiteFideId "1116207"]
[BlackFideId "13602250"]
[EventDate "2021.08.26"]

1. d4 Nf6 2. c4 e6 3. Nf3 b6 4. g3 Bb4+ 5. Bd2 c5 6. Bxb4 cxb4 7. Bg2 Bb7 8. O-O
O-O 9. Qd3 a5 10. Nbd2 d6 11. Rac1 Qc7 12. Rfd1 e5 13. Ne1 Bxg2 14. Nxg2 Nc6 15.
dxe5 Nxe5 16. Qf5 Rac8 17. Ne3 Rfe8 18. Ne4 Nxe4 19. Qxe4 Re6 20. b3 Nd7 21. Qf4
Nf6 22. Nf5 Ne4 23. Nd4 Re5 24. Nb5 Qc5 25. Rd4 Rce8 26. Rcd1 Nc3 27. Nxc3 bxc3
28. Qc1 Rxe2 29. Qxc3 Rxa2 30. Qf3 Ra1 31. Rxd6 Qxd6 32. Rxa1 1/2-1/2

[Event "21st ch-EUR Indiv 2021"]
[Site "Reykjavik ISL"]
[Date "2021.09.02"]
[Round "8.21"]
[White "Bjerre, Jonas Buhl"]
[Black "Svane, Rasmus"]
[Result "1/2-1/2"]
[WhiteTitle "GM"]
[BlackTitle "GM"]
[WhiteElo "2550"]
[BlackElo "2615"]
[WhiteFideId "1444948"]
[BlackFideId "4657101"]
[EventDate "2021.08.26"]

1. d4 Nf6 2. c4 e6 3. Nf3 d5 4. g3 Bb4+ 5. Bd2 Be7 6. Bg2 O-O 7. O-O c6 8. Bc3
b6 9. Nbd2 Bb7 10. b4 dxc4 11. Nxc4 Nd5 12. Qb3 Na6 13. a3 Nxc3 14. Qxc3 Nc7 15.
Rac1 a5 16. bxa5 b5 17. Nce5 Nd5 18. Qb3 Qd6 19. Nd2 Ra6 20. a4 b4 21. Ne4 Qc7
22. Nc4 Ra7 23. Bf3 Rb8 24. Nc5 Bc8 25. Rc2 Nc3 26. Ne4 Nd5 27. Nc5 Nc3 28. Rfc1
e5 29. Nb6 Rxa5 30. Qxb4 Qxb6 31. Qxc3 exd4 32. Qxd4 Bf5 33. Rc4 h6 34. Qe3 Bg5
35. Rf4 Rd8 36. Nb3 Qxe3 37. fxe3 Bxf4 38. gxf4 Rxa4 39. Nd4 Bd7 40. Nxc6 Bxc6
41. Rxc6 Ra1+ 42. Kf2 Rad1 43. h4 R1d6 44. Rc5 Rf6 45. Kg3 Rg6+ 46. Kf2 Rf6 47.
Kg3 g6 48. h5 Kg7 49. e4 Rd4 50. Kg4 gxh5+ 51. Rxh5 Rg6+ 52. Kf5 Rd1 53. e5 Ra1
54. Ke4 Ra4+ 55. Ke3 Rb6 56. Rh4 Re6 57. Kf2 Kf8 58. Kg3 Rd4 59. Bg4 Rg6 60. Kf3
Rb4 61. Bf5 Rg1 62. Bd3 Kg7 63. Kf2 Rg5 64. Kf3 Rg1 65. Kf2 Rc1 66. Rg4+ Kf8 67.
Rh4 Ke7 68. Ke3 Rf1 69. Be4 Rb6 70. Bd3 Rb4 71. Be4 Rb6 72. Bd3 Rb4 1/2-1/2